MARC

LEADER 00000nas a2200000 i 4500
001 ssj0000884190
003 WaSeSS
005 20200512172242.0
006 m d
007 cr n
008 120801c20139999miufr pos 0 a0eng
010 |a  2012203217 
022 |a 2169-0332  |y 2169-0324 
035 |a (WaSeSS)ssj0000884190 
037 |b Wayne State University Press, 4809 Woodward Ave., Detroit, MI 48201 
037 |a 22573/ctt2d0r4z  |b JSTOR 
040 |a DLC  |b eng  |c DLC  |d DLC  |d OCLCQ  |d TXA  |d DLC  |d OCLCO  |d DLC  |d TEF  |d OCLCF  |d AU@  |d VT2  |d WaSeSS 
042 |a pcc  |a nsdp 
050 1 4 |a P94.5.J48  |b J49 
082 1 0 |a 791.43  |2 23 
222 0 |a Jewish film & new media  |b (Online) 
245 0 0 |a Jewish film & new media  |h [electronic resource]. 
246 1 |a Jewish film and new media 
260 |a Detroit, Michigan :  |b Wayne State University Press,  |c [2013]- 
310 |a Twice a year 
362 1 |a Began with: Vol. 1, no. 1 (Spring 2013). 
500 |a An international journal. 
506 |a License restrictions may limit access. 
588 |a Description based on: Vol. 1, no. 1 (Spring 2013); title from copyrights statement (Project MUSE, viewed April 21, 2014). 
588 |a Latest issue consulted: Volume 2, Issue 1 (2014) (digitalcommons.wayne.edu, viewed Aug. 04, 2014). 
650 0 |a Jews in motion pictures  |v Periodicals. 
650 0 |a Jews in the motion picture industry  |v Periodicals. 
650 0 |a Jews on television  |v Periodicals. 
650 0 |a Jews  |x Intellectual life  |v Periodicals. 
650 0 |a Jews  |x In mass media  |v Periodicals. 
650 7 |a Jews in motion pictures.  |2 fast  |0 (OCoLC)fst00983390 
650 7 |a Jews in the motion picture industry.  |2 fast  |0 (OCoLC)fst00983398 
650 7 |a Jews  |x Intellectual life.  |2 fast  |0 (OCoLC)fst00983287 
650 7 |a Jews on television.  |2 fast  |0 (OCoLC)fst00983404 
655 0 |a Electronic journals. 
776 0 8 |i Print version:  |t Jewish film & new media  |x 2169-0324  |w (DLC) 2012203216  |w (OCoLC)802848500 
856 4 0 |z Full text available from Research Library: 04/01/2013 to present  |u https://search.proquest.com/publication/2034458